00968nam a22002657a 450000100040000000500170000402000180002104000240003905000260006308200140008910000210010324500970012425000430022126000350026430000410029949000200034050500080036052001420036852100200051052100200053065000220055065000320057265000350060470000630063979220260204105048.0 a9780763656928 aDLCcDLCdDLCbeng 00aPZ7.M478419bSsw 201200a[Fic]2231 aMcDonald, Megan.10aStink and the Midnight Zombie Walk /cMcDonald, Megan ; illustrated by Reynolds, Peter H. . aFirst Scholastic printing, April 2013  aNew York :bScholastic,c2013. a144 pages :billustrations ;c20 cm.0 aStink ;vBook 7 aK  aStink and his friends try to earn money to buy the latest book in the Nightmare on Zombie Street series and go to the book release party. a510 bLexile  aK bRaz-Plus  1aZombiesvFiction. 1aBooks and readingvFiction. 1aMoneymaking projectsvFiction.1 aReynolds, Peter H.q(Peter Hamilton),d1961-eillustrator.